Returning History: Soviet Generations’ Reactions to the War in Ukraine (notice n° 1614079)

détails MARC
000 -LEADER
fixed length control field 01146cam a2200157 4500500
005 - DATE AND TIME OF LATEST TRANSACTION
control field 20260111054532.0
041 ## - LANGUAGE CODE
Language code of text/sound track or separate title fre
042 ## - AUTHENTICATION CODE
Authentication code dc
100 10 - MAIN ENTRY--PERSONAL NAME
Personal name Rozhanskiy, Mikhail
Relator term author
245 00 - TITLE STATEMENT
Title Returning History: Soviet Generations’ Reactions to the War in Ukraine
260 ## - PUBLICATION, DISTRIBUTION, ETC.
Date of publication, distribution, etc. 2025.<br/>
500 ## - GENERAL NOTE
General note 65
520 ## - SUMMARY, ETC.
Summary, etc. The article examines the role of the two Soviet generations who grew up during the Khrushchev Thaw (Ottepel’) and Perestroika in making the Russian-Ukrainian war possible. Generational factors influencing support or rejection of government policies are considered. Based on long-term research on the generational history of the Soviet century and a corpus of interviews from the spring of 2022, the author demonstrates the importance of generational analysis in studying the trajectories of the evolution of Russia. The article also addresses the methodological problems of such analysis.
786 0# - DATA SOURCE ENTRY
Note Revue d’études comparatives Est-Ouest | 55 | 2 | 2025-07-09 | p. 65-97 | 0338-0599
856 41 - ELECTRONIC LOCATION AND ACCESS
Uniform Resource Identifier <a href="https://shs.cairn.info/journal-revue-detudes-comparatives-est-ouest-2024-2-page-65?lang=en&redirect-ssocas=7080">https://shs.cairn.info/journal-revue-detudes-comparatives-est-ouest-2024-2-page-65?lang=en&redirect-ssocas=7080</a>

Pas d'exemplaire disponible.

PLUDOC

PLUDOC est la plateforme unique et centralisée de gestion des bibliothèques physiques et numériques de Guinée administré par le CEDUST. Elle est la plus grande base de données de ressources documentaires pour les Étudiants, Enseignants chercheurs et Chercheurs de Guinée.

Adresse

627 919 101/664 919 101

25 boulevard du commerce
Kaloum, Conakry, Guinée

Réseaux sociaux

Powered by Netsen Group @ 2025